[Event "Bengaluru Karnataka op"]
[Site "Bengaluru"]
[Date "2018.04.16"]
[Round "6"]
[White "Shashidhar, B Rai"]
[Black "Reetish, Padhi"]
[Result "1/2-1/2"]
[WhiteElo "1361"]
[BlackElo "1915"]
[PlyCount "65"]
[EventDate "2018.04.14"]
[EventType "swiss"]
[EventRounds "10"]
[EventCountry "IND"]
[SourceTitle "CBM 184 Extra"]
[Source "ChessBase"]
[SourceDate "2018.06.28"]
[SourceVersion "1"]
[SourceVersionDate "2018.06.28"]
[SourceQuality "1"]

1. e4 b6 2. d4 Bb7 3. Nc3 e6 4. a3 Nf6 5. Bd3 c5 6. Nf3 cxd4 7. Nxd4 Nc6 8. Nxc6 Bxc6 9. Be3 d5 10. exd5 Nxd5 11. Nxd5 Qxd5 12. f3 Bc5 13. Bxc5 Qxc5 14. Qe2 0-0 15. 0-0-0 b5 16. Be4 Rab8 17. Bxc6 Qxc6 18. Rd4 b4 19. Rxb4 Rxb4 20. axb4 Qa4 21. Kb1 Qxb4 22. c3 Qd6 23. h3 Rd8 24. Kc2 Qc6 25. Kb1 Qd5 26. Rc1 h6 27. c4 Qc5 28. Rc2 Rd4 29. b3 Qb4 30. Qe3 Rd1+ 31. Rc1 Rd2 32. Rc2 Rd1+ 33. Rc1 1/2-1/2

[Event "IND-ch U15"]
[Site "Jammu"]
[Date "2015.09.22"]
[Round "2"]
[White "Dhananjay"]
[Black "Reetish, Padhi"]
[Result "1-0"]
[WhiteElo "2187"]
[BlackElo "1807"]
[PlyCount "87"]
[EventDate "2015.09.21"]
[EventType "swiss"]
[EventRounds "11"]
[EventCountry "IND"]
[SourceTitle "EXT 2016"]
[Source "ChessBase"]
[SourceDate "2015.10.08"]
[SourceVersion "1"]
[SourceVersionDate "2015.10.08"]
[SourceQuality "1"]

1. e4 e6 2. d4 d5 3. Nc3 Bb4 4. e5 c5 5. a3 Bxc3+ 6. bxc3 Ne7 7. Qg4 Ng6 8. h4 h5 9. Qg3 Nc6 10. Nf3 Qa5 11. Bd2 c4 12. Be2 Bd7 13. Ng5 Nce7 14. Bxh5 Rxh5 15. Qf3 Rxg5 16. Bxg5 Nf5 17. Kd1 Qb6 18. Kc1 Bc6 19. h5 Nf8 20. g4 Nxd4 21. cxd4 Qxd4 22. Kb1 Qb6+ 23. Kc1 d4 24. Qd1 c3 25. Rb1 Qc5 26. Rb3 Qxe5 27. f4 Qe3+ 28. Kb1 Bd5 29. Re1 Qd2 30. Qxd2 cxd2 31. Rd1 Bxb3 32. cxb3 f6 33. Bh4 Nd7 34. Rxd2 e5 35. fxe5 fxe5 36. Rf2 Rc8 37. g5 Rc6 38. g6 Re6 39. Rf7 Nf6 40. h6 gxh6 41. Rxf6 Re7 42. Rd6 Rd7 43. Rxd7 Kxd7 44. g7 1-0